000 01132cam a22003011i 4500
001 10260506
003 EG-ScBUE
005 20240707094558.0
008 721117s1954 nyuac f b 000 0 eng d
035 _a(OCoLC)497911
040 _aDLC
_beng
_erda
_cODaWU
_dOCoLC
_dOkU
_dMoSU-L
_dUk
_dDLC
_dEG-ScBUE
043 _an-us---
082 0 4 _a973.313
_222
_bMAL
100 1 _aMalone, Dumas,
_d1892-1986,
_eauthor.
_910291
245 1 4 _aThe story of the declaration of independence /
_cpictures by Hirst Milhollen and Milton Kaplan ; text by Dumas Malone.
264 1 _aNew York :
_bOxford University Press,
_c1954.
300 _a282 pages :
_billustrations, portraits ;
_c29 cm
336 _2rdacontent
_atext
_btxt
337 _aunmediated
_2rdamedia
_bn
338 _avolume
_bnc
_2rdacarrier
504 _aIncludes bibliographical references.
610 1 7 _aUnited States.
_tDeclaration of Independence.
_2BUEsh
_910292
655 _vReading book
700 1 _aMilhollen, Hirst Dillon,
_d1906-
_ephotographer.
_910293
700 1 _aKaplan, Milton,
_d1918-
_econtributer.
_910294
942 _2ddc
_cBB
999 _c13119
_d13119